Central Library OPAC University of Rajshahi

The Philosophical lectures : (Record no. 29154)

MARC details
000 -LEADER
fixed length control field 00689nam a2200229 a 4500
001 - CONTROL NUMBER
control field 29154
003 - CONTROL NUMBER IDENTIFIER
rucl marc code BD-RjUL
005 - DATE AND TIME OF LATEST TRANSACTION
control field 20211209051359.0
008 - FIXED-LENGTH DATA ELEMENTS--GENERAL INFORMATION
fixed length control field 140402r19501949 001 0 eng d
035 ## - SYSTEM CONTROL NUMBER
System control number (BD-RjUL)29239
040 ## - CATALOGING SOURCE
Original cataloging agency QSL
Language of cataloging eng
Transcribing agency QSL
Modifying agency BD-RjUL
041 ## - LANGUAGE CODE
Language code of text/sound track or separate title eng
082 00 - DEWEY DECIMAL CLASSIFICATION NUMBER
Classification number 190
Author mark and year COP 1950
100 1# - MAIN ENTRY--PERSONAL NAME
Personal name Coleridge, Samuel Taylor,
Dates associated with a name 1772-1834.
9 (RLIN) 89004
245 14 - TITLE STATEMENT
Title The Philosophical lectures :
Statement of responsibility, etc. Ed. by K. Coburn.
Remainder of title hitherto unpublished /
260 ## - PUBLICATION, DISTRIBUTION, ETC. (IMPRINT)
Place of publication, distribution, etc. London :
Name of publisher, distributor, etc. R. & K. Paul,
Date of publication, distribution, etc. 1949 [Reissued 1950].
300 ## - PHYSICAL DESCRIPTION
Pagination 480 p. :
Illustrations ill. ;
Size 22 cm.
504 ## - BIBLIOGRAPHY, ETC. NOTE
Bibliography, etc Includes index.
650 #0 - SUBJECT ADDED ENTRY--TOPICAL TERM
Topical term or geographic name as entry element Philosophy
General subdivision History.
9 (RLIN) 89005
700 1# - ADDED ENTRY--PERSONAL NAME
Personal name Coburn, Kathleen.
942 ## - ADDED ENTRY ELEMENTS (KOHA)
Source of classification or shelving scheme Dewey Decimal Classification
Koha item type Books
Holdings
Lost status Source of classification or shelving scheme Damaged status Not for loan Collection code Permanent Location Current Location Shelving location Date acquired Source of acquisition Cost, normal purchase price Total Checkouts Full call number Date last seen Copy number Koha item type
  Dewey Decimal Classification   Not For Loan Non-fiction Central Library, University of Rajshahi Central Library, University of Rajshahi Reading Room 02/02/1956 Allies Books 20.50   190 COP 1950 02/04/2014 C-1 Books